00641nam a22002177a 45000050016000000080041000160100015000570200027000720350013000990370015001120400013001270820014001401000024001542450072001782600041002502700047002913000028003385000051003666500003004177000003004202011031102032.0110311t xxu||||| |||| 00| 0 eng d aENG-102105 a9788184840810c1250.00 aEN-85638 bDBAD / PUB adplbEng a381.30954 aSultan, Zafar Ahmad aEconomic reforms and India's foreign trade /cby Zafar Ahmad Sultan aNew Delhi bRegal Publicationsc2010 aF-159, Rajouri Garden bNew Delhi e110027 axii, 313p. c23cm (Hb)  aIncludes bibliographical references and index